Giáo trình lý thuyết bảo trì hệ thống máy tính (Dùng trong các trường THCN)

Nêu mục đích và yêu cầu của công tác bảo trì hệ thống máy tính kèm theo phương pháp chẩn đoán, khắc phục sự cố trong hệ thống máy tính, mainboard - CPU - RAM, đĩa và ổ đĩa

Saved in:
Bibliographic Details
Main Author: Phạm, Thanh Bình
Format: Book
Language:Undetermined
Published: Hà Nội Nhà xuất bản Hà Nội 2007
Subjects:
Tags: Add Tag
No Tags, Be the first to tag this record!
Institutions: Trung tâm Học liệu Trường Đại học Cần Thơ
LEADER 01003nam a2200229Ia 4500
001 CTU_142740
008 210402s9999 xx 000 0 und d
020 |c 13500 
082 |a 004.16 
082 |b B312 
100 |a Phạm, Thanh Bình 
245 0 |a Giáo trình lý thuyết bảo trì hệ thống máy tính 
245 0 |b (Dùng trong các trường THCN) 
245 0 |c Phạm Thanh Bình (chủ biên) 
260 |a Hà Nội 
260 |b Nhà xuất bản Hà Nội 
260 |c 2007 
520 |a Nêu mục đích và yêu cầu của công tác bảo trì hệ thống máy tính kèm theo phương pháp chẩn đoán, khắc phục sự cố trong hệ thống máy tính, mainboard - CPU - RAM, đĩa và ổ đĩa 
650 |a Microcomputers,Máy tính 
650 |x Maintenance and repair,Sửa chữa và bảo trì 
904 |i Nguyên 
980 |a Trung tâm Học liệu Trường Đại học Cần Thơ